Library Banner

دین انسانیت: (Record no. 91978)

MARC details
000 -LEADER
fixed length control field 00480nam a22001457a 4500
005 - DATE AND TIME OF LATEST TRANSACTION
control field 20170322141658.0
008 - FIXED-LENGTH DATA ELEMENTS--GENERAL INFORMATION
fixed length control field 170322b xxu||||| |||| 00| 0 eng d
040 ## - CATALOGING SOURCE
Transcribing agency PK-LaUMT
082 ## - DEWEY DECIMAL CLASSIFICATION NUMBER
Classification number ZIAC 297
Item number WAH-D
100 ## - MAIN ENTRY--PERSONAL NAME
Personal name وحید الدین خاں
245 ## - TITLE STATEMENT
Title دین انسانیت:
Remainder of title اسلام کا فکری اور عملی اور تاریخی مطالعہ/
Statement of responsibility, etc وحید الدین خاں
260 ## - PUBLICATION, DISTRIBUTION, ETC. (IMPRINT)
Place of publication, distribution, etc لاہور:
Name of publisher, distributor, etc دارالتذکیر،
Date of publication, distribution, etc 2008
300 ## - PHYSICAL DESCRIPTION
Extent 319 ص
942 ## - ADDED ENTRY ELEMENTS (KOHA)
Koha item type Books
Holdings
Withdrawn status Lost status Damaged status Home library Current library Date acquired Full call number Barcode Date last seen Price effective from Koha item type
      UMT Main Campus UMT Main Campus 2017-03-22 ZIAC 297 WAH-D 106623 2017-03-22 2017-03-22 Books